[Event "GER-ch U16 Girls"]
[Site "Willingen"]
[Date "2021.08.29"]
[Round "9"]
[White "Schneider, Anna"]
[Black "Kalina, Lena"]
[Result "0-1"]
[WhiteElo "1686"]
[BlackElo "1605"]
[PlyCount "114"]
[EventDate "2021.08.22"]
[EventType "swiss"]
[EventRounds "9"]
[EventCountry "GER"]
[SourceTitle "EXT 2022"]
[Source "ChessBase"]
[SourceDate "2021.10.06"]
[SourceVersion "1"]
[SourceVersionDate "2021.10.06"]
[SourceQuality "1"]

1. e4 c5 2. c3 d5 3. exd5 Qxd5 4. d4 Nc6 5. Na3 cxd4 6. Nb5 Qe5+ 7. Qe2 Qb8 8. Nxd4 Nxd4 9. cxd4 Nf6 10. Nf3 e6 11. Qc2 Bd7 12. Be2 Be7 13. 0-0 0-0 14. Ne5 Rc8 15. Qb3 Bc6 16. Bf4 Bd5 17. Qg3 Bd6 18. Bh6 g6 19. Qf4 Be7 20. h4 Rc2 21. Bd3 Rxb2 22. Bg5 Qd8 23. g4 Bc6 24. h5 Be8 25. hxg6 hxg6 26. f3 Nd5 27. Bxe7 Nxf4 28. Bxd8 Rxd8 29. Rfb1 Nxd3 30. Nxd3 Rxb1+ 31. Rxb1 Rxd4 32. Nc5 b6 33. Ne4 Bc6 34. Ng5 Bd5 35. Rc1 Ra4 36. Rc7 e5 37. Rc8+ Kg7 38. Re8 Bxa2 39. Rxe5 f6 40. Ne6+ Bxe6 41. Rxe6 Kf7 42. Rc6 b5 43. Rc7+ Ke6 44. Rc6+ Ke7 45. Rc7+ Kd6 46. Rf7 Ke6 47. Rb7 b4 48. Kf2 a5 49. Ke2 Ra3 50. Rb5 b3 51. Kd2 Ra2+ 52. Kc3 a4 53. Rb4 b2 54. Rxb2 Rxb2 55. Kxb2 Ke5 56. Ka3 Kf4 57. Kxa4 Kxf3 0-1

[Event "GER-ch U16 Girls"]
[Site "Willingen"]
[Date "2021.08.28"]
[Round "8"]
[White "Peglau, Mirjam"]
[Black "Schneider, Anna"]
[Result "1-0"]
[WhiteElo "1906"]
[BlackElo "1686"]
[PlyCount "199"]
[EventDate "2021.08.22"]
[EventType "swiss"]
[EventRounds "9"]
[EventCountry "GER"]
[SourceTitle "EXT 2022"]
[Source "ChessBase"]
[SourceDate "2021.10.06"]
[SourceVersion "1"]
[SourceVersionDate "2021.10.06"]
[SourceQuality "1"]

1. d4 d5 2. Nf3 e6 3. Bf4 Nf6 4. e3 c5 5. c3 Nc6 6. Nbd2 Bd6 7. Bg3 0-0 8. Be2 Re8 9. 0-0 e5 10. dxe5 Nxe5 11. Nxe5 Bxe5 12. Bf3 Bf5 13. Qb3 Bxg3 14. hxg3 d4 15. exd4 cxd4 16. Rad1 dxc3 17. Ne4 Qe7 18. Nxc3 Rab8 19. a3 Bg4 20. Nd5 Nxd5 21. Bxg4 Nf6 22. Bf3 b6 23. Rd3 Rbd8 24. Rfd1 h6 25. Kf1 Qc7 26. Rxd8 Rxd8 27. Rxd8+ Qxd8 28. Qd1 Qc7 29. Qd2 Qc5 30. Qc3 Qe7 31. Qc8+ Qe8 32. Qxe8+ Nxe8 33. Ke2 Kf8 34. Kd3 Ke7 35. Kc4 Kd6 36. b4 a6 37. a4 Nc7 38. Bb7 f5 39. Bc8 g6 40. Bb7 g5 41. Bc8 f4 42. gxf4 gxf4 43. a5 Kc6 44. axb6 Kxb6 45. Bd7 Na8 46. Kd4 Kc7 47. Bg4 Kd6 48. Ke4 Nc7 49. Be2 Nd5 50. Bxa6 Nxb4 51. Bc4 Nc6 52. Kxf4 Ne5 53. Ba2 Nd3+ 54. Ke3 Nb4 55. Bb3 Ke5 56. g4 Nc6 57. f4+ Kf6 58. Ke4 Ne7 59. Ba4 Ng6 60. Bc2 Ne7 61. Kd4 Nc6+ 62. Kc5 Nd8 63. Kd5 Ne6 64. Ke4 Nc5+ 65. Kf3 Ne6 66. Kg3 Nd4 67. Bd3 Ne6 68. Bc4 Nf8 69. Bb5 Ne6 70. Bd3 Nc7 71. Bc4 Ne8 72. Kh4 Ng7 73. Bd5 Kg6 74. Bb3 Kf6 75. Bc4 Kg6 76. Bb5 Kf6 77. Bd7 Kg6 78. Bc8 Kf6 79. Bd7 Kg6 80. Kg3 Kf6 81. Kf3 Ke7 82. Ba4 Kf6 83. Ke4 Ne6 84. Bc2 Nc7 85. Bb3 Nb5 86. Kd3 Nc7 87. Kd4 Nb5+ 88. Kc4 Nd6+ 89. Kd5 Nc8 90. Kc5 Ne7 91. Bc2 Nc8 92. Be4 Ne7 93. Kd6 Nc8+ 94. Kd7 Nb6+ 95. Ke8 Nc4 96. Kf8 Ne3 97. Bf3 Nc4 98. Kg8 Nd6 99. Kh7 Nf7 100. Bd5 1-0

[Event "GER-ch U16 Girls"]
[Site "Willingen"]
[Date "2021.08.26"]
[Round "5"]
[White "Schneider, Anna"]
[Black "Krause, Ricarda Sophie"]
[Result "1/2-1/2"]
[WhiteElo "1686"]
[BlackElo "1474"]
[PlyCount "66"]
[EventDate "2021.08.22"]
[EventType "swiss"]
[EventRounds "9"]
[EventCountry "GER"]
[SourceTitle "EXT 2022"]
[Source "ChessBase"]
[SourceDate "2021.10.06"]
[SourceVersion "1"]
[SourceVersionDate "2021.10.06"]
[SourceQuality "1"]

1. e4 e5 2. Nf3 Nc6 3. Bc4 Nf6 4. d4 exd4 5. e5 d5 6. Bb5 Ne4 7. Nxd4 Bd7 8. Bxc6 bxc6 9. 0-0 Bc5 10. f3 Ng5 11. f4 Ne4 12. Be3 Bb6 13. Nd2 c5 14. Nxe4 cxd4 15. Nf6+ gxf6 16. Bxd4 fxe5 17. Bxb6 axb6 18. fxe5 Be6 19. Qh5 Qe7 20. a4 Qb4 21. b3 Qg4 22. Qh6 Rg8 23. Qd2 h5 24. Rf2 h4 25. Qc3 c5 26. a5 Qd4 27. Qe1 Qb4 28. c3 Qb5 29. axb6 Rxa1 30. Qxa1 Qxb6 31. Qa8+ Qd8 32. Qc6+ Qd7 33. Qxc5 Qe7 1/2-1/2

[Event "GER-ch U16 Girls"]
[Site "Willingen"]
[Date "2021.08.25"]
[Round "4"]
[White "Margaryan, Susanna"]
[Black "Schneider, Anna"]
[Result "1/2-1/2"]
[WhiteElo "1494"]
[BlackElo "1686"]
[PlyCount "118"]
[EventDate "2021.08.22"]
[EventType "swiss"]
[EventRounds "9"]
[EventCountry "GER"]
[SourceTitle "EXT 2022"]
[Source "ChessBase"]
[SourceDate "2021.10.06"]
[SourceVersion "1"]
[SourceVersionDate "2021.10.06"]
[SourceQuality "1"]

1. d4 d5 2. Bf4 e6 3. e3 c5 4. c3 Nf6 5. Bd3 Bd6 6. Bxd6 Qxd6 7. Nf3 Nc6 8. Nbd2 0-0 9. 0-0 e5 10. dxe5 Nxe5 11. Nxe5 Qxe5 12. Nf3 Qh5 13. Be2 Re8 14. Re1 Bd7 15. Nd2 Qg6 16. Bf3 Rad8 17. Qb3 b6 18. a4 Ne4 19. Nxe4 dxe4 20. Be2 Bh3 21. Bf1 Re5 22. Rad1 Rde8 23. Rd5 h5 24. Rxe5 Rxe5 25. g3 Bxf1 26. Kxf1 Qg4 27. Qd1 Qh3+ 28. Kg1 f6 29. Qd8+ Kh7 30. Rd1 h4 31. Qd7 Rf5 32. Rd5 Kg6 33. Qe8+ Kh6 34. Qxe4 Rxd5 35. Qxd5 hxg3 36. hxg3 Qg4 37. b3 Qe2 38. Qh1+ Kg6 39. Qe4+ Kh6 40. Qb1 c4 41. bxc4 Qxc4 42. Qb4 Qd3 43. Kg2 Kg6 44. Qd4 Qa6 45. Qe4+ Kf7 46. g4 Qa5 47. Qb4 Qxb4 48. cxb4 Ke6 49. Kf3 Kd5 50. Kf4 Kc4 51. Kf5 Kxb4 52. Kg6 Kxa4 53. Kxg7 b5 54. Kxf6 b4 55. g5 b3 56. g6 b2 57. g7 b1Q 58. g8Q Qb2+ 59. Ke7 Qxf2 1/2-1/2

[Event "GER-ch U25-B"]
[Site "Willingen"]
[Date "2019.06.09"]
[Round "1"]
[White "Schneider, Anna"]
[Black "Ewerhardy, Moritz"]
[Result "1-0"]
[WhiteElo "1589"]
[BlackElo "1654"]
[PlyCount "49"]
[EventDate "2019.06.08"]
[EventType "swiss"]
[EventRounds "9"]
[EventCountry "GER"]
[SourceTitle "CBM 191 Extra"]
[Source "ChessBase"]
[SourceDate "2019.09.30"]
[SourceVersion "1"]
[SourceVersionDate "2019.09.30"]
[SourceQuality "1"]

1. e4 Nc6 2. d4 d5 3. exd5 Qxd5 4. Nf3 Bg4 5. Be2 0-0-0 6. Be3 Qh5 7. c3 f5 8. 0-0 e5 9. h3 Nf6 10. Re1 f4 11. Bd2 e4 12. hxg4 Nxg4 13. Bxf4 Qf7 14. Ng5 Qxf4 15. Bxg4+ Kb8 16. Ne6 Qf6 17. Nxd8 Nxd8 18. Rxe4 Bd6 19. Qf3 Qg5 20. Qe3 Qg6 21. b4 h5 22. Bd7 Qf6 23. a4 g5 24. Re8 Rh7 25. Qe6 1-0

[Event "GER-ch U12 Girls"]
[Site "Willingen"]
[Date "2018.05.24"]
[Round "8"]
[White "Zhou, Lepu Coco"]
[Black "Schneider, Anna"]
[Result "1-0"]
[WhiteElo "1657"]
[BlackElo "1494"]
[PlyCount "163"]
[EventDate "2018.05.19"]
[EventType "swiss"]
[EventRounds "11"]
[EventCountry "GER"]
[SourceTitle "CBM 184 Extra"]
[Source "ChessBase"]
[SourceDate "2018.06.28"]
[SourceVersion "1"]
[SourceVersionDate "2018.06.28"]
[SourceQuality "1"]

1. e4 e5 2. Nf3 Nc6 3. Bb5 a6 4. Ba4 Nf6 5. 0-0 Be7 6. Qe2 b5 7. Bb3 0-0 8. d4 d6 9. c3 Na5 10. Bc2 Bg4 11. Rd1 Qc8 12. h3 Bh5 13. a4 c6 14. Nbd2 Qc7 15. b4 Nb7 16. Nf1 Rfe8 17. Ng3 Bg6 18. Nh4 Rad8 19. Nhf5 h6 20. f4 Bf8 21. Nh4 c5 22. f5 Bh7 23. d5 cxb4 24. cxb4 Qc3 25. Ra3 Qxb4 26. axb5 axb5 27. Rb3 Qc5+ 28. Be3 Qc8 29. Rxb5 Rd7 30. Ba4 Ree7 31. Bb6 Nc5 32. Bxc5 dxc5 33. d6 Re8 34. Rb6 Red8 35. Bxd7 Rxd7 36. Qa6 Qd8 37. Nf3 Qe8 38. Qc4 Rd8 39. Qc3 Qa4 40. Ra1 Qe8 41. Qxe5 Bxd6 42. Qxe8+ Nxe8 43. e5 Bc7 44. Rba6 f6 45. Ra8 Rxa8 46. Rxa8 Kf8 47. Nh5 fxe5 48. f6 gxf6 49. Nxf6 Bg6 50. Nd7+ Ke7 51. Ndxe5 Be4 52. Ra6 Bd6 53. Kf2 h5 54. Ke3 Nf6 55. Nc4 Bxf3 56. Kxf3 Bh2 57. Ra1 h4 58. Re1+ Kd7 59. Nb6+ Kd6 60. Nc4+ Kd5 61. Ne3+ Kc6 62. Nf5 Nd5 63. Nxh4 Bc7 64. g4 c4 65. Rc1 Kc5 66. Ng2 c3 67. Ke2 Kc4 68. Ne3+ Nxe3 69. Kxe3 Bd8 70. Kf4 Be7 71. g5 Ba3 72. Rxc3+ Kxc3 73. g6 Bc1+ 74. Kf5 Bh6 75. Kf6 Kd4 76. g7 Bxg7+ 77. Kxg7 Ke4 78. h4 Kf5 79. h5 Kg5 80. h6 Kf5 81. h7 Ke4 82. h8Q 1-0

[Event "GER-chT U14 Girls"]
[Site "Neumuenster"]
[Date "2017.12.29"]
[Round "5.3"]
[White "Peglau, Charis"]
[Black "Schneider, Anna"]
[Result "0-1"]
[WhiteElo "1454"]
[BlackElo "1388"]
[PlyCount "174"]
[EventDate "2017.12.26"]
[EventType "team-swiss"]
[EventRounds "7"]
[EventCountry "GER"]
[SourceTitle "CBM 182 Extra"]
[Source "ChessBase"]
[SourceDate "2018.02.23"]
[SourceVersion "1"]
[SourceVersionDate "2018.02.23"]
[SourceQuality "1"]
[WhiteTeam "Seeblick"]
[BlackTeam "Sasbach"]
[WhiteTeamCountry "GER"]
[BlackTeamCountry "GER"]

1. c4 e5 2. Nc3 c5 3. g3 Nf6 4. Bg2 Be7 5. e3 d6 6. Nge2 0-0 7. 0-0 Qd7 8. d4 cxd4 9. exd4 Nc6 10. b3 Re8 11. Bb2 Qg4 12. Nb5 Rd8 13. Re1 a6 14. Na3 Bd7 15. Nc2 Re8 16. Ne3 Qh5 17. Qc2 Rad8 18. Rad1 Ng4 19. Nxg4 Bxg4 20. Rd2 Bg5 21. Rdd1 exd4 22. Bf1 Ne5 23. Nxd4 Bxd1 24. Rxd1 Nf3+ 25. Nxf3 Qxf3 26. Bg2 Qe2 27. Qb1 b5 28. cxb5 Qxb5 29. Rd5 Qb4 30. Rd1 d5 31. Qa1 f6 32. Bc3 Qc5 33. b4 Qb5 34. Qb1 Qc6 35. Qb3 Kh8 36. Bxd5 Qb5 37. Bg2 Rxd1+ 38. Qxd1 Qc4 39. Qa1 Rc8 40. Bb2 Qxb4 41. a3 Qb3 42. Bf1 Rc2 43. Qd1 Rxb2 44. Qd8+ Qg8 45. Qd4 Qb8 46. Bxa6 f5 47. Qc5 Bf6 48. Qxf5 Qa8 49. Bd3 Qg8 50. a4 Rb6 51. a5 Rd6 52. a6 Rd5 53. Qe4 Re5 54. Qb7 Re7 55. Qf3 Bd4 56. Qf4 Re1+ 57. Bf1 Bc5 58. Qd2 Qe8 59. Qa2 Qb5 60. Kg2 Qxf1+ 61. Kf3 Qh1+ 62. Kg4 Re4+ 63. f4 Qd1+ 64. Kh4 Be7+ 65. Kh3 Qh5+ 66. Kg2 Re2+ 67. Qxe2 Qxe2+ 68. Kh3 Qxa6 69. Kg2 Qe2+ 70. Kh3 Qf3 71. f5 Qxf5+ 72. Kg2 Qg4 73. Kf2 Qh3 74. Kf3 Qxh2 75. Kg4 h5+ 76. Kf3 g5 77. g4 Qf4+ 78. Ke2 Qg3 79. gxh5 Kh7 80. h6 Kxh6 81. Kd2 Qf3 82. Kc2 g4 83. Kd2 g3 84. Kc2 g2 85. Kd2 g1Q 86. Kc2 Qgg2+ 87. Kc1 Qff1# 0-1

[Event "GER-ch U12 Girls"]
[Site "Willingen"]
[Date "2017.06.06"]
[Round "5"]
[White "Schneider, Anna"]
[Black "Doll, Rebecca"]
[Result "1-0"]
[WhiteElo "1325"]
[BlackElo "1437"]
[PlyCount "107"]
[EventDate "2017.06.04"]
[EventType "swiss"]
[EventRounds "11"]
[EventCountry "GER"]
[SourceTitle "CBM 178 Extra"]
[Source "ChessBase"]
[SourceDate "2017.06.22"]
[SourceVersion "1"]
[SourceVersionDate "2017.06.22"]
[SourceQuality "1"]

1. e4 e5 2. Nf3 Nc6 3. Bc4 Bc5 4. c3 Nf6 5. d4 exd4 6. cxd4 Bb4+ 7. Bd2 Nxe4 8. Bxb4 Nxb4 9. Qb3 d5 10. Qxb4 dxc4 11. Qxc4 0-0 12. 0-0 c6 13. Nc3 Nf6 14. Rfe1 Be6 15. Qb4 Qc7 16. Rac1 Rad8 17. Qa4 Qb6 18. Qa3 Rfe8 19. Rcd1 Bg4 20. Na4 Qa5 21. Rxe8+ Rxe8 22. Nc3 Qh5 23. Nb1 Re2 24. Nbd2 Qf5 25. h3 Qc2 26. Rf1 Bxf3 27. Nxf3 Ne4 28. Qe7 h6 29. Qh4 Qxb2 30. a4 Kh7 31. a5 Qb5 32. Ne5 Qxa5 33. f3 Qd2 34. Qg4 Qxd4+ 35. Kh1 Nf2+ 36. Rxf2 Qa1+ 37. Kh2 Qxe5+ 38. f4 f5 39. fxe5 fxg4 40. Rxe2 a5 41. Ra2 b6 42. e6 Kg8 43. Kg3 gxh3 44. gxh3 Kf8 45. Kf4 Ke7 46. Ke5 c5 47. Rd2 a4 48. Rd7+ Ke8 49. Kd6 c4 50. e7 Kf7 51. Rd8 b5 52. e8Q+ Kf6 53. Qh5 g6 54. Qxb5 1-0

[Event "GER-chT U14 Girls"]
[Site "Duesseldorf"]
[Date "2016.12.28"]
[Round "4.4"]
[White "Voigt, Anastasia"]
[Black "Schneider, Anna"]
[Result "0-1"]
[WhiteElo "955"]
[BlackElo "1425"]
[PlyCount "38"]
[EventDate "2016.12.27"]
[EventType "team-swiss"]
[EventRounds "7"]
[EventCountry "GER"]
[SourceTitle "EXT 2018"]
[Source "ChessBase"]
[SourceDate "2017.10.13"]
[SourceVersion "1"]
[SourceVersionDate "2017.10.13"]
[SourceQuality "1"]
[WhiteTeam "Halle USV"]
[BlackTeam "Sasbach"]
[WhiteTeamCountry "GER"]
[BlackTeamCountry "GER"]

1. e4 e5 2. Nf3 Nc6 3. Bc4 Bc5 4. c3 Nf6 5. d4 exd4 6. cxd4 Bb4+ 7. Nc3 d5 8. exd5 Nxd5 9. 0-0 Nce7 10. Bxd5 Nxd5 11. Ng5 0-0 12. Nxd5 Qxd5 13. Qg4 Bxg4 14. Nh3 Rfe8 15. a3 Bd6 16. b4 Qxd4 17. Be3 Qe5 18. g3 Bxh3 19. Rfe1 Qd5 0-1

[Event "EU-ch U10 Girls 26th"]
[Site "Prague"]
[Date "2016.08.27"]
[Round "9"]
[White "Mikheeva, Galina"]
[Black "Schneider, Anna"]
[Result "1-0"]
[WhiteElo "1477"]
[BlackElo "1332"]
[PlyCount "79"]
[EventDate "2016.08.18"]
[EventType "swiss"]
[EventRounds "9"]
[EventCountry "CZE"]
[SourceTitle "CBM 174 Extra"]
[Source "ChessBase"]
[SourceDate "2016.10.10"]
[SourceVersion "1"]
[SourceVersionDate "2016.10.10"]
[SourceQuality "1"]

1. e4 e5 2. Nf3 Nc6 3. Nc3 Nf6 4. d4 exd4 5. Nxd4 Nxe4 6. Nxe4 Qe7 7. f3 d5 8. Bb5 Bd7 9. 0-0 dxe4 10. Bxc6 bxc6 11. Re1 0-0-0 12. Rxe4 Qf6 13. Qe2 Kb7 14. Be3 Bc5 15. Rd1 Rhe8 16. Nb3 Bb6 17. Rd3 Rxe4 18. fxe4 Qxb2 19. Nc5+ Kc8 20. a3 Qb5 21. a4 Qb2 22. Rb3 Qa1+ 23. Kf2 Qf6+ 24. Kg3 Qd6+ 25. Kf2 Re8 26. Qa6+ Kd8 27. Nb7+ Ke7 28. Nxd6 cxd6 29. Bxb6 axb6 30. Rxb6 Kf8 31. Qb7 Bg4 32. Qxc6 Kg8 33. Kg3 h5 34. h3 Be6 35. Qxe8+ Kh7 36. Rxd6 Kg6 37. Rxe6+ Kh7 38. Qxf7 Kh8 39. Qxh5+ Kg8 40. Re8# 1-0

[Event "EU-ch U10 Girls 26th"]
[Site "Prague"]
[Date "2016.08.26"]
[Round "8"]
[White "Schneider, Anna"]
[Black "Fedoricheva, Ekaterina"]
[Result "1/2-1/2"]
[WhiteElo "1332"]
[BlackElo "1463"]
[PlyCount "162"]
[EventDate "2016.08.18"]
[EventType "swiss"]
[EventRounds "9"]
[EventCountry "CZE"]
[SourceTitle "CBM 174 Extra"]
[Source "ChessBase"]
[SourceDate "2016.10.10"]
[SourceVersion "1"]
[SourceVersionDate "2016.10.10"]
[SourceQuality "1"]

1. e4 e5 2. Nf3 Nc6 3. d4 exd4 4. Bc4 Bc5 5. c3 Nf6 6. cxd4 Bb4+ 7. Bd2 Nxe4 8. Bxb4 Nxb4 9. Bxf7+ Kxf7 10. Qb3+ d5 11. Qxb4 Re8 12. 0-0 Ng5 13. Nbd2 Qf6 14. Qb3 c6 15. Rfe1 Rf8 16. Re3 Kg8 17. Rf1 b6 18. Qa3 Bg4 19. Ne5 Bf5 20. Ndf3 Ne4 21. Qb3 Rfd8 22. Rfe1 c5 23. dxc5 Nxc5 24. Qb5 d4 25. R3e2 a6 26. Qc4+ Be6 27. Qb4 d3 28. Rd2 Bxa2 29. Re3 a5 30. Qb5 Rd5 31. Ng4 Qd8 32. b4 Nb3 33. Re8+ Qxe8 34. Qxd5+ Kh8 35. Rxa2 d2 36. Nxd2 Rd8 37. Qxb3 Rxd2 38. h3 Qe1+ 39. Kh2 Rd8 40. bxa5 bxa5 41. Rb2 h5 42. Qb6 Qe8 43. Ne3 a4 44. Ra2 Rb8 45. Qd4 Ra8 46. Nf5 Qf7 47. Qe5 Re8 48. Qxg7+ Qxg7 49. Nxg7 Kxg7 50. Rxa4 Kg6 51. Kg3 Rb8 52. Rf4 Kg5 53. h4+ Kg6 54. Re4 Rb3+ 55. Re3 Rb5 56. Re6+ Kf5 57. Rh6 Ke4 58. f3+ Ke3 59. Rg6 Rb2 60. Rg5 Ke2 61. Rxh5 Kf1 62. Kf4 Kxg2 63. Rg5+ Kh3 64. h5 Kh4 65. Re5 Rb4+ 66. Re4 Rb5 67. h6 Rb7 68. Re6 Rf7+ 69. Ke4 Kg5 70. Ke3 Kf5 71. Rd6 Re7+ 72. Kd4 Kf4 73. Rf6+ Kg5 74. Rc6 Kf4 75. Rc3 Rh7 76. Rc6 Kxf3 77. Ke5 Kg4 78. Ra6 Kh5 79. Kf5 Rf7+ 80. Rf6 Rxf6+ 81. Kxf6 Kxh6 1/2-1/2

[Event "EU-ch U10 Girls 26th"]
[Site "Prague"]
[Date "2016.08.25"]
[Round "7"]
[White "Butenandt, Svenja"]
[Black "Schneider, Anna"]
[Result "0-1"]
[WhiteElo "1501"]
[BlackElo "1332"]
[PlyCount "44"]
[EventDate "2016.08.18"]
[EventType "swiss"]
[EventRounds "9"]
[EventCountry "CZE"]
[SourceTitle "CBM 174 Extra"]
[Source "ChessBase"]
[SourceDate "2016.10.10"]
[SourceVersion "1"]
[SourceVersionDate "2016.10.10"]
[SourceQuality "1"]

1. e4 e5 2. Nf3 Nc6 3. Nc3 Nf6 4. d4 exd4 5. Nxd4 Bb4 6. Nxc6 bxc6 7. Bd3 d6 8. 0-0 Ng4 9. h3 Ne5 10. Be3 Qh4 11. a3 Ba5 12. Bd4 Bb6 13. Bxb6 axb6 14. Be2 h5 15. f4 Ng4 16. hxg4 hxg4 17. Bxg4 Bxg4 18. Qe1 Qh2+ 19. Kf2 Rh3 20. Qc1 Rf3+ 21. Ke1 Qg3+ 22. Kd2 Qxf4+ 0-1

[Event "GER-ch U10 Girls"]
[Site "Willingen"]
[Date "2016.05.16"]
[Round "3"]
[White "Keymer, Cecilia"]
[Black "Schneider, Anna"]
[Result "0-1"]
[WhiteElo "923"]
[BlackElo "1205"]
[PlyCount "152"]
[EventDate "2016.05.15"]
[EventType "swiss"]
[EventRounds "11"]
[EventCountry "GER"]
[SourceTitle "CBM 172 Extra"]
[Source "ChessBase"]
[SourceDate "2016.06.21"]
[SourceVersion "1"]
[SourceVersionDate "2016.06.21"]
[SourceQuality "1"]

1. d4 d5 2. c4 e6 3. Nc3 c5 4. e3 Nc6 5. Nf3 Nf6 6. Bd3 cxd4 7. exd4 Bd6 8. Qe2 Qe7 9. cxd5 exd5 10. Qxe7+ Bxe7 11. Be3 Nb4 12. Rd1 Nxd3+ 13. Rxd3 Bf5 14. Rd1 0-0 15. Ne5 Rad8 16. 0-0 Rfe8 17. Rfe1 h6 18. h3 Rc8 19. Rc1 Bb4 20. a3 Bd6 21. Nf3 a6 22. Nh4 Bd7 23. Rcd1 b5 24. Rd3 a5 25. Bd2 b4 26. axb4 Bxb4 27. Rxe8+ Rxe8 28. Nf3 Bf5 29. Re3 Ra8 30. Ne5 Rc8 31. Nf3 Bd7 32. Ne1 Bf5 33. Rf3 Be4 34. Re3 Rc4 35. Nxe4 dxe4 36. Bxb4 axb4 37. Rb3 Rxd4 38. Nc2 Rd7 39. Rxb4 Re7 40. Ne3 Re8 41. b3 Nd7 42. Rb5 Rc8 43. Kh2 Rc3 44. Nd5 Rc2 45. Kg3 g5 46. b4 Kg7 47. Rb7 Nf6 48. Nc7 Rd2 49. Ne6+ Kg6 50. Nc7 Nh5+ 51. Kh2 Rxf2 52. Kg1 e3 53. Rb6+ f6 54. Re6 Re2 55. b5 Re1+ 56. Kh2 e2 57. Rxe2 Rxe2 58. b6 Rb2 59. Nd5 Nf4 60. Ne7+ Kf7 61. Nc8 Ke6 62. Na7 Rxb6 63. Nc8 Rb2 64. Kg3 Rxg2+ 65. Kf3 Re2 66. Nb6 Kf5 67. Nc4 Kg6 68. Ne3 f5 69. h4 Rh2 70. Ng2 Rxg2 71. h5+ Kxh5 72. Ke3 Kg4 73. Kd4 h5 74. Ke5 h4 75. Kf6 h3 76. Ke5 h2 0-1